000 00292nam a22001337a 4500
008 170418b xxu||||| |||| 00| 0 eng d
020 _a9780716710073
041 _aeng
080 _27TH
_a573
100 _a10
101 _aSHM
245 _aBIOLOGY OF PLANTS
_cRAVEN, P.H
942 _2udc
_cBK
999 _c10931
_d10931